| 000 | 00397nam a22001697a 4500 | ||
|---|---|---|---|
| 003 | MPLRDC | ||
| 005 | 20220104113913.0 | ||
| 008 | 210129b ||||| |||| 00| 0 eng d | ||
| 082 | _a857.63 YQ v.7 | ||
| 100 | _a云菁 | ||
| 245 |
_a旅途 _c |
||
| 260 |
_a _b皇冠出版社 _c1983 |
||
| 300 | _b平 | ||
| 490 | _a皇冠丛书. 484 | ||
| 650 | _a短篇小说--别集 | ||
| 942 |
_cBK _o857.63 YQ v.7 |
||
| 999 |
_c3270 _d3260 |
||